Poétique ou Introduction à l'esthétique / (Record no. 163512)

MARC details
000 -LEADER
campo de control de longitud fija 00918nam a22002055i 4500
001 - NÚMERO DE CONTROL
campo de control 163512
003 - IDENTIFICADOR DE NÚMERO DE CONTROL
campo de control ES-MaACL
005 - FECHA Y HORA DE LA ÚLTIMA TRANSACCIÓN
campo de control 20251015063144.0
008 - DATOS DE LONGITUD FIJA--INFORMACIÓN GENERAL
campo de control de longitud fija 001011s1862 fr |||| | fre d
040 ## - FUENTE DE CATALOGACIÓN
Centro catalogador/agencia de origen EXT
Lengua de catalogación spa
Centro/agencia transcriptor EXT
100 1# - ENTRADA PRINCIPAL--NOMBRE DE PERSONA
Nombre de persona Paul, Jean,
Fechas asociadas al nombre 1763-1825
9 (RLIN) 149234
245 10 - MENCIÓN DEL TÍTULO
Título Poétique ou Introduction à l'esthétique /
Mención de responsabilidad, etc. par Jean-Paul Fr. Richter ; traduite de l'allemand par Alexandre Büchner et Léon Dumont. précédée d'un essai sur Jean Paul et sa poétique : suivie de notes et de commentaires / par Alexandre Büchner et Léon Dumont,...
260 ## - PUBLICACIÓN, DISTRIBUCIÓN, ETC.
Lugar de publicación, distribución, etc. Paris :
Nombre del editor, distribuidor, etc. Auguste Durand,
Fecha de publicación, distribución, etc. 1862 (
Fabricante Imp. de Ad. Lainé et J. Havard)
300 ## - DESCRIPCIÓN FÍSICA
Extensión 2 v. (VIII, 407; VIII, 443) ;
Dimensiones , 20 cm.
650 #7 - PUNTO DE ACCESO ADICIONAL DE MATERIA--TÉRMINO DE MATERIA
Término de materia o nombre geográfico como elemento de entrada Estética
Fuente del encabezamiento o término embne
9 (RLIN) 142387
700 1# - ENTRADA AGREGADA--NOMBRE PERSONAL
Nombre de persona Dumont, Léon.
9 (RLIN) 147525
700 1# - ENTRADA AGREGADA--NOMBRE PERSONAL
Nombre de persona Büchner, Alexandre,
Fechas asociadas al nombre 1827-1904
9 (RLIN) 158449
852 ## - LOCALIZACIÓN
Ubicación ES-MaACL
Número de control de estantería B-3078-79
Nota libre -- Enc. hol.
Holdings
Estatus retirado Estado de pérdida Estado de daño No para préstamo Colección Biblioteca de origen Biblioteca actual Ubicación en estantería Fecha de adquisición Total de préstamos Signatura topográfica completa Código de barras Visto por última vez Precio de reemplazo Tipo de ítem Koha
        Libros del s. XIX Biblioteca del Ateneo de Madrid Biblioteca del Ateneo de Madrid Sala Pardo Bazán 17/01/2008   B-3078-79 1171343 23/02/2023 23/02/2023 Libro impreso antiguo